[Event "Prebor mesta Vsetina 2018"]
[Site "?"]
[Date "2018.07.04"]
[Round "1.1"]
[White "Jasny, Stanislav"]
[Black "Frank, Adam"]
[Result "1-0"]
[WhiteElo "2383"]
[BlackElo "1984"]
[PlyCount "129"]

1.d4 f5 2.g3 Nf6 3.Bg2 d5 4.Nf3 e6 5.O-O c5 6.c4 Nc6 7.cxd5 exd5 8.Nc3 Be7 9.
dxc5 Bxc5 10.Bg5 d4 11.Na4 Be7 12.Qb3 Ne4 13.Bf4 Bf6 14.Nd2 Qe7 15.Nxe4 fxe4
16.Qd5 Be6 17.Qxe4 O-O 18.Nc5 Bc4 19.Qxe7 Nxe7 20.Nd7 Rfe8 21.Nxf6+ gxf6 22.
Bxb7 Bxe2 23.Rfe1 d3 24.Bxa8 Rxa8 25.Rxe2 dxe2 26.Re1 Nd5 27.Be3 Nb4 28.a3 Nd3
29.Rxe2 a5 30.Bd4 Kf7 31.Re3 Nc1 32.Kf1 Rd8 33.Rc3 Rxd4 34.Rxc1 Rd2 35.Rc5
Rxb2 36.Rxa5 Ra2 37.Kg2 Kg6 38.Kf3 Kg7 39.h4 Kg6 40.g4 Kh6 41.Kg3 Rb2 42.Ra6
Kg7 43.f3 Rb5 44.Ra7+ Kh6 45.a4 Rb4 46.a5 Ra4 47.a6 Kg6 48.Ra8 Kg7 49.g5 f5
50.a7 Ra5 51.Kf4 Ra3 52.h5 h6 53.g6 Ra5 54.Ke3 Ra4 55.f4 Re4+ 56.Kd3 Ra4 57.
Kc3 Ra3+ 58.Kb4 Ra1 59.Kb5 Rb1+ 60.Kc5 Rc1+ 61.Kd5 Rd1+ 62.Ke5 Re1+ 63.Kxf5
Re8 64.Rb8 Rxb8 65.axb8=N 1-0

[Event "Prebor mesta Vsetina 2018"]
[Site "?"]
[Date "2018.07.04"]
[Round "1.3"]
[White "Sosna, Jan"]
[Black "Hiebert, Kenji"]
[Result "1-0"]
[WhiteElo "2349"]
[BlackElo "1969"]
[PlyCount "113"]
[EventDate "2018.??.??"]

1.d4 Nf6 2.Nf3 e6 3.Bg5 c5 4.e3 cxd4 5.exd4 b6 6.Nbd2 Bb7 7.Bd3 d6 8.O-O Be7
9.Re1 Nbd7 10.a4 a6 11.c3 O-O 12.Nc4 Re8 13.h3 Qc7 14.Nh2 h6 15.Bh4 Nd5 16.Bg3
N7f6 17.Ng4 Qc6 18.Nxf6+ Nxf6 19.f3 Nh5 20.Bh2 Rad8 21.Qb3 Rb8 22.Nxb6 a5 23.
Qb5 Qc7 24.Qxh5 Qxb6 25.Bb5 Rec8 26.Re2 Ba6 27.Bxa6 Qxa6 28.f4 Bf6 29.Qf3 Rb3
30.Rd2 Rcb8 31.Ra2 Qc4 32.Qf1 Qd5 33.Bg3 R3b6 34.Qa1 Qe4 35.Kh2 Bh4 36.Rf2
Bxg3+ 37.Kxg3 e5 38.dxe5 dxe5 39.f5 Rb3 40.Kh2 Rxc3 41.bxc3 Rb1 42.Qxb1 Qxb1
43.c4 Qe4 44.c5 Qc6 45.Rac2 e4 46.Rfe2 e3 47.Kh1 Kh7 48.Rc4 Qd5 49.Rcc2 Qc6
50.Kg1 Qxa4 51.c6 Qa1+ 52.Kh2 Qe5+ 53.g3 h5 54.h4 Qc7 55.Rxe3 Kh6 56.Rd3 f6
57.Rd7 1-0

[Event "Prebor mesta Vsetina 2018"]
[Site "?"]
[Date "2018.07.04"]
[Round "1.4"]
[White "Gnojek, Petr"]
[Black "Horak, Martin"]
[Result "1-0"]
[WhiteElo "1962"]
[BlackElo "2284"]
[PlyCount "59"]

1.d4 e6 2.c4 f5 3.Nc3 Nf6 4.Nf3 Bb4 5.Bd2 O-O 6.e3 d6 7.Bd3 Nbd7 8.O-O Qe7 9.
Nb5 Bxd2 10.Nxc7 Ba5 11.Nxa8 b5 12.cxb5 Bb7 13.Qa4 Ng4 14.Be2 f4 15.h3 Bxa8
16.Qxa5 Nh6 17.exf4 Nb6 18.Qd2 Nf5 19.Rac1 Nd5 20.g3 Qb7 21.Rc2 Nde7 22.Rfc1
Qd5 23.Rc7 g5 24.fxg5 Nh4 25.gxh4 Rxf3 26.Bxf3 Qxf3 27.Rc8+ Nxc8 28.Rxc8+ Kg7
29.d5 Bxd5 30.Qc3+ 1-0

[Event "Prebor mesta Vsetina 2018"]
[Site "?"]
[Date "2018.07.04"]
[Round "1.5"]
[White "Mudrak, Josef"]
[Black "Hurtak, Otto"]
[Result "1/2-1/2"]
[WhiteElo "2264"]
[BlackElo "1958"]
[PlyCount "51"]

1.d4 d5 2.Nf3 Nf6 3.g3 e6 4.Bg2 c5 5.O-O Be7 6.c4 O-O 7.cxd5 exd5 8.Nc3 Nc6 9.
Bg5 c4 10.Ne5 Be6 11.Nxc4 dxc4 12.Bxf6 Bxf6 13.d5 Qb6 14.Na4 Qb5 15.dxc6 bxc6
16.Qc2 Rab8 17.Rab1 g6 18.Nc3 Qb6 19.Rfd1 Rfd8 20.Be4 Kg7 21.e3 h5 22.Rxd8
Rxd8 23.Ne2 Qb4 24.Nc3 Qb6 25.Ne2 Qb4 26.Nc3 1/2-1/2

[Event "Prebor mesta Vsetina 2018"]
[Site "?"]
[Date "2018.07.04"]
[Round "1.6"]
[White "Vantuch, Lucian"]
[Black "Koziol, Kamil"]
[Result "0-1"]
[WhiteElo "1954"]
[BlackElo "2257"]
[PlyCount "52"]

1.e4 c5 2.Nf3 d6 3.d4 cxd4 4.Nxd4 e5 5.Nb5 a6 6.N5a3 Nf6 7.Bg5 Nbd7 8.Nc4 Qc7
9.Nc3 b5 10.Ne3 Bb7 11.Ncd5 Nxd5 12.Nxd5 Bxd5 13.Qxd5 Rc8 14.Bd3 h6 15.Be3 Nf6
16.Qb3 d5 17.exd5 e4 18.Be2 Qxc2 19.Qxc2 Rxc2 20.Kd1 Rxb2 21.Bd2 Nxd5 22.a3
Bd6 23.Re1 O-O 24.Bg4 f5 25.Bh5 Rd8 26.g4 Bf4 0-1

[Event "Prebor mesta Vsetina 2018"]
[Site "?"]
[Date "2018.07.04"]
[Round "1.7"]
[White "Weinzettl, Ernst"]
[Black "Laurincova, Kristyna"]
[Result "1/2-1/2"]
[WhiteElo "2213"]
[BlackElo "1944"]
[PlyCount "96"]
[EventDate "2018.??.??"]

1.e4 c5 2.Nf3 Nc6 3.Bb5 g6 4.O-O Bg7 5.Re1 Nf6 6.c3 O-O 7.d4 Qb6 8.Bf1 cxd4 9.
cxd4 d5 10.e5 Ne4 11.Nc3 Rd8 12.Na4 Qa5 13.Be3 Bd7 14.b3 Rac8 15.Ng5 b6 16.a3
Nc3 17.Nxc3 Qxc3 18.b4 Bf5 19.Ba6 Rc7 20.b5 h6 21.Rc1 Qd3 22.Qxd3 Bxd3 23.Nf3
Bc4 24.Rxc4 dxc4 25.bxc6 Rxc6 26.Rc1 c3 27.Kf1 e6 28.Ke2 Bf8 29.Rc2 Bxa3 30.
Bxh6 Rb8 31.Bb5 Rc7 32.Kd3 Bb4 33.Ng5 a5 34.Ne4 Rbc8 35.Nd6 Ra8 36.Ba4 f6 37.
Be3 fxe5 38.dxe5 Rd8 39.Bf4 Rc5 40.Bb3 Kf8 41.Bxe6 g5 42.Bxg5 Rxd6+ 43.exd6
Rxg5 44.d7 Ke7 45.Bh3 Rd5+ 46.Kc4 Rd2 47.Bf5 b5+ 48.Kb3 Rxc2 1/2-1/2

[Event "Prebor mesta Vsetina 2018"]
[Site "?"]
[Date "2018.07.04"]
[Round "1.8"]
[White "Vraj, Karel"]
[Black "Belunek, Vladimir"]
[Result "0-1"]
[WhiteElo "1942"]
[BlackElo "2212"]
[PlyCount "50"]
[EventDate "2018.??.??"]

1.e4 c5 2.Nf3 d6 3.d4 cxd4 4.Nxd4 Nf6 5.Nc3 a6 6.Be2 e5 7.Nb3 Be7 8.Be3 O-O 9.
Qd2 b5 10.a4 Bb7 11.axb5 axb5 12.Rxa8 Bxa8 13.f3 b4 14.Nd5 Nxd5 15.exd5 Nd7
16.Qxb4 Bxd5 17.O-O Qc7 18.Qd2 Be6 19.f4 Rb8 20.fxe5 dxe5 21.Ra1 Nb6 22.Qa5
Qxc2 23.Qxe5 Nd7 24.Nd4 Qxb2 25.Qa5 Bc5 0-1

[Event "Prebor mesta Vsetina 2018"]
[Site "?"]
[Date "2018.07.04"]
[Round "1.9"]
[White "Mica, Marek"]
[Black "Zgarba, Radek"]
[Result "1-0"]
[WhiteElo "2180"]
[BlackElo "1936"]
[PlyCount "105"]
[EventDate "2018.??.??"]

1.d4 Nf6 2.c4 g6 3.Nf3 d5 4.cxd5 Nxd5 5.e4 Nb6 6.Nc3 Bg7 7.Be2 O-O 8.O-O Nc6
9.Be3 e5 10.d5 Ne7 11.Bc5 Re8 12.Nd2 Bf8 13.b4 Bd7 14.a4 Nbc8 15.Nc4 b6 16.Be3
f6 17.Qb3 Nd6 18.Nxd6 cxd6 19.Nb5 Nc8 20.Rfc1 Bxb5 21.Bxb5 Re7 22.Rc3 Rc7 23.
Rac1 Rxc3 24.Qxc3 Ne7 25.Ba6 f5 26.f3 fxe4 27.fxe4 Qd7 28.b5 Qg4 29.Qb4 Nf5
30.h3 Qg3 31.Bf2 Qf4 32.Rc7 Ng3 33.Bxg3 Qxg3 34.Qc3 Qf4 35.Qf3 Qxf3 36.gxf3
Bh6 37.Kg2 Be3 38.Bb7 Rf8 39.Bc8 Rf4 40.Be6+ Kh8 41.Rxa7 Rh4 42.a5 bxa5 43.
Rxa5 Rf4 44.Ra6 Rf8 45.Rxd6 Rb8 46.Bd7 Rd8 47.b6 Rb8 48.Re6 Bd4 49.d6 Rxb6 50.
Bc8 Rb2+ 51.Kf1 Rd2 52.d7 Bb6 53.Rxb6 1-0

[Event "Prebor mesta Vsetina 2018"]
[Site "?"]
[Date "2018.07.04"]
[Round "1.10"]
[White "Brousek, Jiri"]
[Black "Kapusta, Petr"]
[Result "0-1"]
[WhiteElo "1929"]
[BlackElo "2179"]
[PlyCount "62"]
[EventDate "2018.??.??"]

1.d4 Nf6 2.Nf3 g6 3.Nc3 Bg7 4.e4 d6 5.Be3 Ng4 6.Bg5 h6 7.Bh4 g5 8.Bg3 c6 9.Be2
Qa5 10.O-O h5 11.h3 h4 12.Nxh4 gxh4 13.Bxg4 f5 14.Bh5+ Kd8 15.Bxh4 fxe4 16.g4
Rxh5 17.gxh5 Bxh3 18.Re1 Nd7 19.Rxe4 Nf6 20.Bxf6 Bxf6 21.d5 Kc7 22.Qe2 Rg8+
23.Kh2 Bd7 24.Rg1 Rh8 25.Rg6 cxd5 26.Rxe7 Bxe7 27.Qxe7 Qc5 28.Qh4 Rf8 29.Rg2
d4 30.Ne4 Qe5+ 31.Kg1 Rf4 0-1

[Event "Prebor mesta Vsetina 2018"]
[Site "?"]
[Date "2018.07.04"]
[Round "1.11"]
[White "Vojta, Jakub"]
[Black "Vraj, Ondrej"]
[Result "0-1"]
[WhiteElo "2124"]
[BlackElo "1891"]
[PlyCount "74"]
[EventDate "2018.??.??"]

1.e4 c6 2.d4 d5 3.exd5 cxd5 4.Bd3 Nc6 5.c3 Nf6 6.Bf4 Bg4 7.Qb3 Qd7 8.Nd2 e6 9.
Ngf3 Nh5 10.Ne5 Qc8 11.Be3 Nf6 12.O-O Nxe5 13.dxe5 Nd7 14.Qa4 Bh5 15.c4 Qc6
16.Qxc6 bxc6 17.f4 Be7 18.Rfc1 Bc5 19.Bxc5 Nxc5 20.Bc2 Rb8 21.Rab1 O-O 22.cxd5
cxd5 23.Bxh7+ Kxh7 24.Rxc5 Bg6 25.Rbc1 Rxb2 26.Nf3 Rxa2 27.Ng5+ Kg8 28.Rc7 a5
29.Ra7 a4 30.h4 d4 31.Rc4 d3 32.Rd4 d2 33.Kf1 Bh5 34.Nf3 Bxf3 35.gxf3 Rb8 36.
Ke2 d1=Q+ 37.Kxd1 Rb1# 0-1

[Event "Prebor mesta Vsetina 2018"]
[Site "?"]
[Date "2018.07.04"]
[Round "1.12"]
[White "Gratze, Michael"]
[Black "Havelka, Ondrej"]
[Result "0-1"]
[WhiteElo "1890"]
[BlackElo "2124"]
[PlyCount "46"]
[EventDate "2018.??.??"]

1.e4 e6 2.d4 d5 3.Nd2 c5 4.Ngf3 cxd4 5.Nxd4 Nc6 6.Bb5 Bd7 7.Nxc6 bxc6 8.Bd3
Bd6 9.Qe2 Ne7 10.e5 Bc7 11.b3 O-O 12.O-O f5 13.Bb2 g5 14.Qh5 Ng6 15.Nf3 g4 16.
Ng5 Qe7 17.Ba3 Qg7 18.Bxf8 Rxf8 19.f4 h6 20.Nh3 Bd8 21.Be2 Be8 22.Bxg4 Nh4 23.
Be2 Qxg2# 0-1

[Event "Prebor mesta Vsetina 2018"]
[Site "?"]
[Date "2018.07.04"]
[Round "1.13"]
[White "Bosak, Jan"]
[Black "Kovarik, Matyas"]
[Result "1-0"]
[WhiteElo "2119"]
[BlackElo "1860"]
[PlyCount "51"]
[EventDate "2018.??.??"]

1.c4 Nf6 2.Nc3 d5 3.cxd5 Nxd5 4.Nf3 Nxc3 5.bxc3 g6 6.d4 Bg7 7.Bg5 c5 8.e3 Qa5
9.Qd2 Nc6 10.Be2 O-O 11.O-O cxd4 12.cxd4 Qxd2 13.Nxd2 Bf5 14.Rac1 e5 15.d5 Na5
16.e4 Bd7 17.Rc7 Ba4 18.Rfc1 f6 19.Be3 Rfd8 20.Bg4 Bf8 21.Be6+ Kh8 22.Rf7 Bd6
23.Bh6 Bf8 24.Rcc7 Bd7 25.Rxf8+ Rxf8 26.Rxd7 1-0

[Event "Prebor mesta Vsetina 2018"]
[Site "?"]
[Date "2018.07.04"]
[Round "1.14"]
[White "Foukal, Jiri"]
[Black "Mulenko, Alexander"]
[Result "1/2-1/2"]
[WhiteElo "1856"]
[BlackElo "2109"]
[PlyCount "55"]
[EventDate "2018.??.??"]

1.e4 c5 2.g3 d5 3.exd5 Qxd5 4.Qf3 Nf6 5.Nc3 Qxf3 6.Nxf3 a6 7.Bg2 Nc6 8.a3 Bf5
9.d3 O-O-O 10.Ng5 Nd4 11.Kd1 Bg6 12.Be3 e6 13.Bxd4 cxd4 14.Nce4 Nd5 15.Nd2 Nc7
16.Re1 Be7 17.Ngf3 Bh5 18.Kc1 Bc5 19.Re5 Bxf3 20.Nxf3 Bb6 21.b4 f6 22.Re2 e5
23.Nd2 Nb5 24.Kb2 Nc3 25.Ree1 g5 26.Ne4 Nxe4 27.Rxe4 a5 28.h4 1/2-1/2

[Event "Prebor mesta Vsetina 2018"]
[Site "?"]
[Date "2018.07.04"]
[Round "1.15"]
[White "Pycha, Patrik"]
[Black "Nytra, Ondrej"]
[Result "0-1"]
[WhiteElo "2097"]
[BlackElo "1845"]
[PlyCount "130"]
[EventDate "2018.??.??"]

1.e4 e5 2.Nf3 Nc6 3.Bc4 Nf6 4.d3 Bc5 5.c3 O-O 6.Nbd2 d6 7.O-O Be6 8.b4 Bb6 9.
a4 a6 10.Qb3 d5 11.exd5 Nxd5 12.Ne4 Qd7 13.Re1 Rad8 14.Neg5 h6 15.Nxe6 fxe6
16.Be3 Bxe3 17.fxe3 Rf6 18.Nd2 Rg6 19.Ne4 Qe7 20.Qa2 Qh4 21.Qf2 Qg4 22.Qe2 Qh3
23.Kh1 Qh4 24.Rf1 Nce7 25.g3 Qg4 26.Qxg4 Rxg4 27.Nc5 Kh8 28.Rf7 Kg8 29.Rf3 Kh8
30.Nxe6 Rd6 31.Nc5 Nxc3 32.Rf8+ Kh7 33.Rf7 Ned5 34.e4 Kg6 35.Rf5 Nxb4 36.Ne6
Nxe4 37.Raf1 Ng5 38.Nf8+ Kh5 39.h4 g6 40.Rxe5 Nxd3 41.Bxd3 Rxd3 42.Nh7 Rgxg3
43.hxg5 hxg5 44.Rf2 Rh3+ 45.Kg2 Rdg3+ 46.Kf1 Rh1+ 47.Ke2 Rgg1 48.Nf6+ Kh6 49.
Kf3 Rh3+ 50.Ke2 g4 51.Re7 g5 52.Rxc7 Ra3 53.Ne4 Ra2+ 54.Nd2 g3 55.Rf6+ Kh5 56.
Kf3 Ra3+ 57.Ke2 Rg2+ 58.Kd1 Ra1+ 59.Rc1 Rg1+ 60.Rf1 Rxc1+ 61.Kxc1 Rxf1+ 62.
Nxf1 g2 63.Ng3+ Kg4 64.Ne2 Kf3 65.Kd1 Kf2 0-1

[Event "Prebor mesta Vsetina 2018"]
[Site "?"]
[Date "2018.07.04"]
[Round "1.16"]
[White "Travnicek, Krystof Mikulas"]
[Black "Juricek, Stanislav"]
[Result "0-1"]
[WhiteElo "1844"]
[BlackElo "2091"]
[PlyCount "80"]
[EventDate "2018.??.??"]

1.d4 Nf6 2.Nf3 e6 3.Bg5 d5 4.e3 Be7 5.Bd3 c5 6.c3 Nc6 7.Nbd2 b6 8.O-O Bb7 9.
Qe2 O-O 10.a3 Re8 11.Rad1 h6 12.Bh4 Nd7 13.Bxe7 Qxe7 14.e4 cxd4 15.cxd4 dxe4
16.Nxe4 Nf6 17.Nxf6+ Qxf6 18.Be4 Rac8 19.Ne5 Red8 20.Bxc6 Bxc6 21.Qa6 Qe7 22.
Rc1 Qb7 23.Qxb7 Bxb7 24.Nf3 Kf8 25.Rc3 Rxc3 26.bxc3 Bxf3 27.gxf3 Rc8 28.Rc1
Rc4 29.Kf1 Ke7 30.Ke2 Kd6 31.Kd3 Ra4 32.Ra1 Kd5 33.f4 g6 34.f3 b5 35.Rb1 a6
36.Rb3 f6 37.h4 e5 38.fxe5 fxe5 39.Rb4 Rxa3 40.dxe5 Kxe5 0-1

[Event "Prebor mesta Vsetina 2018"]
[Site "?"]
[Date "2018.07.04"]
[Round "1.17"]
[White "Zadrapa, Radek"]
[Black "Peterka, Josef"]
[Result "1/2-1/2"]
[WhiteElo "2054"]
[BlackElo "1820"]
[PlyCount "104"]
[EventDate "2018.??.??"]

1.d4 d5 2.c4 e6 3.Nf3 c6 4.e3 Bd6 5.Nbd2 Nd7 6.b3 f5 7.Bb2 Ngf6 8.Bd3 Ne4 9.
O-O Qf6 10.Rc1 O-O 11.Qe2 g5 12.Ne1 Qh6 13.g3 Ndf6 14.f3 Nxd2 15.Qxd2 g4 16.
Ng2 gxf3 17.Rxf3 Ne4 18.Bxe4 fxe4 19.Rxf8+ Qxf8 20.Rf1 Qg7 21.Nf4 Qg5 22.Bc3
Bd7 23.Bb4 Bc7 24.Qe2 Kh8 25.Qf2 e5 26.dxe5 Bxe5 27.cxd5 cxd5 28.Nxd5 Bg4 29.
Be7 Qg7 30.Bf6 Bxf6 31.Qxf6 Bf3 32.Qxg7+ Kxg7 33.Nf4 Rc8 34.Ne6+ Kg6 35.Nd4
Bg4 36.Rf4 Bh3 37.Rxe4 Rc1+ 38.Kf2 Rf1+ 39.Ke2 Ra1 40.a4 Ra2+ 41.Kd3 Rxh2 42.
Re7 Bf1+ 43.Kc3 Bg2 44.Ne2 Bc6 45.Nf4+ Kf6 46.Rc7 a6 47.a5 Rh1 48.Kb4 Re1 49.
Rxh7 Rxe3 50.Rc7 Re5 51.Nd3 Rb5+ 52.Kc3 Rxa5 1/2-1/2

[Event "Prebor mesta Vsetina 2018"]
[Site "?"]
[Date "2018.07.04"]
[Round "1.18"]
[White "Mostek, Jan"]
[Black "Zvolensky, David"]
[Result "1-0"]
[WhiteElo "1810"]
[BlackElo "2040"]
[PlyCount "53"]
[EventDate "2018.??.??"]

1.d4 Nf6 2.Bf4 e6 3.e3 c5 4.c3 Qb6 5.Qb3 Qxb3 6.axb3 Nc6 7.Nd2 Be7 8.h3 O-O 9.
Ngf3 b6 10.Nc4 Nd5 11.Bd6 cxd4 12.Bxe7 Ncxe7 13.e4 Nf6 14.Nxb6 Rb8 15.Nxc8
Rfxc8 16.Nxd4 e5 17.Nb5 Nxe4 18.b4 Nd5 19.Bd3 Nef6 20.g3 e4 21.Be2 e3 22.f3
Nh5 23.Rg1 f5 24.Nd6 Rf8 25.Bc4 Nf6 26.Ra5 Rb6 27.Bxd5+ 1-0

[Event "Prebor mesta Vsetina 2018"]
[Site "?"]
[Date "2018.07.04"]
[Round "1.19"]
[White "Matejovsky, Ondrej"]
[Black "Zavodny, Jaroslav"]
[Result "1-0"]
[WhiteElo "2028"]
[BlackElo "1773"]
[PlyCount "51"]
[EventDate "2018.??.??"]

1.e4 e5 2.Nf3 Nf6 3.Nc3 Bb4 4.Nxe5 d6 5.Nf3 Bxc3 6.dxc3 Nxe4 7.Bd3 Nc5 8.O-O
Nxd3 9.Qxd3 O-O 10.Re1 h6 11.Bd2 Nc6 12.Nd4 Nxd4 13.cxd4 d5 14.Qg3 Kh7 15.Bb4
Re8 16.Rxe8 Qxe8 17.Qxc7 Be6 18.Qg3 Rc8 19.Bd6 Qb5 20.b3 Rxc2 21.Bf8 g5 22.Qe5
Kg6 23.Qg7+ Kh5 24.Qxh6+ Kg4 25.Qh3+ Kf4 26.Qf3# 1-0

[Event "Prebor mesta Vsetina 2018"]
[Site "?"]
[Date "2018.07.04"]
[Round "1.20"]
[White "Matus, Filip"]
[Black "Engert, Marvin"]
[Result "0-1"]
[WhiteElo "1766"]
[BlackElo "2005"]
[PlyCount "70"]
[EventDate "2018.??.??"]

1.e4 c5 2.Nf3 Nc6 3.d4 cxd4 4.Nxd4 Nf6 5.Nc3 e5 6.Ndb5 d6 7.Nd5 Nxd5 8.exd5
Ne7 9.c4 Nf5 10.Bd3 Be7 11.O-O O-O 12.Kh1 Bd7 13.Bxf5 Bxf5 14.Be3 Bd7 15.Nc3
f5 16.f4 Bf6 17.Rc1 g5 18.fxg5 Bxg5 19.Bxg5 Qxg5 20.b4 Rac8 21.Qd3 Qg4 22.Ne2
f4 23.Qf3 Qg6 24.Qb3 Bf5 25.c5 Bd3 26.Rf2 Qe4 27.Ng1 Qe3 28.Qb2 dxc5 29.bxc5
Rxc5 30.Rxc5 Qxc5 31.Rd2 Qxd5 32.Nf3 e4 33.Ne5 Re8 34.Nxd3 exd3 35.Qb1 Re2 0-1

[Event "Prebor mesta Vsetina 2018"]
[Site "?"]
[Date "2018.07.04"]
[Round "1.21"]
[White "Hrabovsky, Vladimir"]
[Black "Jin, Yueheng"]
[Result "0-1"]
[WhiteElo "1984"]
[BlackElo "1713"]
[PlyCount "36"]
[EventDate "2018.??.??"]

1.e4 c6 2.d4 d5 3.Nc3 dxe4 4.Nxe4 Bf5 5.Ng3 Bg6 6.Nf3 Nd7 7.Bd3 Bxd3 8.Qxd3
Ngf6 9.O-O e6 10.Bg5 Be7 11.Rad1 O-O 12.Rfe1 Re8 13.c3 Qc7 14.Qe2 Rad8 15.Ne4
Nxe4 16.Qxe4 Bxg5 17.Nxg5 Nf6 18.Qe5 Qb6 0-1

[Event "Prebor mesta Vsetina 2018"]
[Site "?"]
[Date "2018.07.05"]
[Round "2"]
[White "Vojta, Tomas"]
[Black "Bosak, Jan"]
[Result "1/2-1/2"]
[WhiteElo "2350"]
[BlackElo "2119"]
[PlyCount "52"]
[EventDate "2018.??.??"]

1.d4 e6 2.c3 Nf6 3.Bf4 c5 4.e3 Nc6 5.Nd2 d5 6.Ngf3 Be7 7.Ne5 O-O 8.Bd3 Qb6 9.
Rb1 Rd8 10.O-O Nxe5 11.Bxe5 Bd7 12.Qe2 Rac8 13.Kh1 Ba4 14.dxc5 Qxc5 15.f4 a6
16.f5 Bb5 17.fxe6 fxe6 18.Bxb5 Qxb5 19.Qxb5 axb5 20.Nf3 Nd7 21.g3 b4 22.Nd4
Rf8 23.Rfd1 bxc3 24.bxc3 Nc5 25.Rb6 Bd8 26.Rb5 Rf7 1/2-1/2

[Event "Prebor mesta Vsetina 2018"]
[Site "?"]
[Date "2018.07.05"]
[Round "2"]
[White "Engert, Marvin"]
[Black "Sosna, Jan"]
[Result "0-1"]
[WhiteElo "2005"]
[BlackElo "2349"]
[PlyCount "98"]
[EventDate "2018.??.??"]

1.e4 e5 2.b3 Bc5 3.Nc3 Nf6 4.Bb2 O-O 5.Qf3 Nc6 6.O-O-O d6 7.h3 Nd4 8.Qd3 b5 9.
f4 Bb7 10.Nf3 Re8 11.fxe5 dxe5 12.Re1 a6 13.g4 Qd6 14.Rh2 Rad8 15.Nh4 Qf8 16.
Qg3 b4 17.Nd5 Nxe4 18.Rxe4 Bxd5 19.Re1 a5 20.c3 bxc3 21.dxc3 Nc6 22.Bb5 Rb8
23.c4 Rxb5 24.cxb5 Nd4 25.Rxe5 Rd8 26.Qe1 Bb4 27.Qe3 Nxb5 28.Rc2 c6 29.Nf5 Ba3
30.Ne7+ Bxe7 31.Rxe7 Be6 32.Rb7 Qd6 33.Rd2 Bd5 34.Re7 h6 35.g5 h5 36.h4 a4 37.
Rd1 axb3 38.axb3 Qg6 39.Rf1 Nd6 40.Qb6 Ra8 41.Ree1 Kh7 42.Qe3 Rb8 43.Qe5 Rxb3
44.Rf2 Nc4 45.Qd4 Na3 46.Rf5 Be6 47.Qa4 Qxf5 48.Bxa3 Qb1+ 49.Kd2 Qd3+ 0-1

[Event "Prebor mesta Vsetina 2018"]
[Site "?"]
[Date "2018.07.05"]
[Round "2"]
[White "Koziol, Kamil"]
[Black "Matejovsky, Ondrej"]
[Result "1-0"]
[WhiteElo "2257"]
[BlackElo "2028"]
[PlyCount "53"]
[EventDate "2018.??.??"]

1.e4 e5 2.Nf3 Nf6 3.Nxe5 d6 4.Nf3 Nxe4 5.d4 d5 6.Bd3 Bd6 7.O-O O-O 8.c4 c6 9.
Re1 Re8 10.Nc3 Nxc3 11.bxc3 Bg4 12.Rxe8+ Qxe8 13.Be3 h6 14.c5 Bc7 15.h3 Bxf3
16.Qxf3 Nd7 17.Re1 b6 18.Kf1 Qc8 19.Bxh6 Qf8 20.Qf5 Nf6 21.Bg5 Ne4 22.Bxe4
dxe4 23.Rxe4 bxc5 24.Rh4 g6 25.Bf6 Qg7 26.Bxg7 gxf5 27.Bf6 1-0

[Event "Prebor mesta Vsetina 2018"]
[Site "?"]
[Date "2018.07.05"]
[Round "2"]
[White "Belunek, Vladimir"]
[Black "Gnojek, Petr"]
[Result "1/2-1/2"]
[WhiteElo "2212"]
[BlackElo "1962"]
[PlyCount "44"]
[EventDate "2018.??.??"]

1.d4 f5 2.Bg5 g6 3.e3 Bg7 4.Nd2 Nf6 5.c3 d6 6.f4 Nbd7 7.Ngf3 c6 8.Bd3 Qc7 9.
O-O O-O 10.Bh4 h6 11.e4 fxe4 12.Nxe4 Nd5 13.Qb3 Rf7 14.g3 Nf8 15.Rae1 a5 16.a4
Be6 17.Qc2 Bg4 18.Ned2 Qd7 19.Kh1 Re8 20.Bxg6 Nxg6 21.Qxg6 Bf5 22.Qh5 Bg4
1/2-1/2

[Event "Prebor mesta Vsetina 2018"]
[Site "?"]
[Date "2018.07.05"]
[Round "2"]
[White "Vraj, Ondrej"]
[Black "Mica, Marek"]
[Result "1/2-1/2"]
[WhiteElo "1891"]
[BlackElo "2180"]
[PlyCount "111"]
[EventDate "2018.??.??"]

1.e4 c6 2.d4 d5 3.exd5 cxd5 4.Bd3 Nc6 5.c3 Qc7 6.h3 Nf6 7.Nf3 e6 8.O-O Bd6 9.
Re1 h6 10.Bd2 Rb8 11.a4 a6 12.Qe2 O-O 13.Ne5 Bxe5 14.dxe5 Nd7 15.f4 Rd8 16.Qf2
Na5 17.Be3 b6 18.b4 Nc4 19.Bd4 b5 20.a5 Re8 21.g4 Rb7 22.Kh1 Nb8 23.Rg1 Nc6
24.g5 g6 25.gxh6 Nxd4 26.cxd4 Kh7 27.Ra2 Qe7 28.Qe1 Rg8 29.Rag2 Bd7 30.Nc3
Kxh6 31.Rg5 Be8 32.f5 exf5 33.Nxd5 Bc6 34.Be4 Qe6 35.Qh4+ Kg7 36.Rxf5 Rh8 37.
Qf6+ Qxf6 38.Rxf6 Ne3 39.Nxe3 Bxe4+ 40.Kh2 Rd7 41.Rgf1 Rf8 42.d5 Bxd5 43.Nxd5
Rxd5 44.e6 Rd2+ 45.Kg1 Re2 46.exf7 Re4 47.Rxa6 Rxf7 48.Ra1 Rxb4 49.Rb6 Rb2 50.
a6 Rff2 51.a7 Rg2+ 52.Kh1 Rh2+ 53.Kg1 Rbg2+ 54.Kf1 Rf2+ 55.Kg1 Rfg2+ 56.Kf1
1/2-1/2

[Event "Prebor mesta Vsetina 2018"]
[Site "?"]
[Date "2018.07.05"]
[Round "2"]
[White "Kapusta, Petr"]
[Black "Nytra, Ondrej"]
[Result "1-0"]
[WhiteElo "2179"]
[BlackElo "1845"]
[PlyCount "119"]
[EventDate "2018.??.??"]

1.e4 e5 2.Nf3 Nc6 3.Bc4 Nf6 4.d3 Bc5 5.c3 O-O 6.O-O d6 7.h3 Be6 8.Bxe6 fxe6 9.
b4 Bb6 10.a4 a6 11.Nbd2 d5 12.Ba3 Nd7 13.Qb3 Ne7 14.b5 c6 15.a5 Bc5 16.b6 Ng6
17.d4 Bxa3 18.Qxa3 Nh4 19.Nxh4 Qxh4 20.Qd6 Rf7 21.Qxe6 exd4 22.cxd4 Nf8 23.Qg4
Qxg4 24.hxg4 dxe4 25.Nxe4 Ne6 26.Rad1 Rd8 27.Rfe1 Rfd7 28.Nf6+ gxf6 29.Rxe6
Kf7 30.Rde1 Rg8 31.R6e4 Rg5 32.Ra1 Rb5 33.Ra3 Rb4 34.Rf3 h6 35.Ref4 Rd6 36.Rh3
Rbxd4 37.Rxd4 Rxd4 38.Rxh6 Kg7 39.Rh3 c5 40.Rh5 Rc4 41.Rd5 Kg6 42.Rd7 Ra4 43.
Rxb7 Rxa5 44.Ra7 Rb5 45.Rxa6 c4 46.Kf1 Rb2 47.Ra4 c3 48.Rc4 c2 49.Ke1 Rxb6 50.
Rxc2 Rb4 51.f3 Kg5 52.g3 Rb3 53.Kf2 Rb5 54.Kg2 Rb3 55.Rc5+ Kg6 56.f4 Rb6 57.
Kh3 Rb3 58.Rc6 Rf3 59.g5 Kh5 60.gxf6 1-0

[Event "Prebor mesta Vsetina 2018"]
[Site "?"]
[Date "2018.07.05"]
[Round "2"]
[White "Havelka, Ondrej"]
[Black "Mostek, Jan"]
[Result "1-0"]
[WhiteElo "2124"]
[BlackElo "1810"]
[PlyCount "63"]
[EventDate "2018.??.??"]

1.d4 Nf6 2.c4 g6 3.Nc3 d5 4.cxd5 Nxd5 5.e4 Nxc3 6.bxc3 Bg7 7.Qa4+ Nd7 8.Nf3
O-O 9.Be2 c5 10.O-O cxd4 11.cxd4 Nc5 12.dxc5 Bxa1 13.e5 Bc3 14.Qf4 Kh8 15.Rd1
Qc7 16.Bc4 f6 17.Qh6 Bf5 18.g4 Bxg4 19.Nh4 Bh5 20.Rd3 Qxe5 21.Rg3 Qe1+ 22.Bf1
Rg8 23.Ng2 Qd1 24.Rxc3 Be2 25.Ne3 Qe1 26.Rc2 Bd3 27.Bd2 Qb1 28.Rc1 Qb5 29.Bg2
Qd7 30.c6 Qe6 31.cxb7 Rab8 32.Bd5 1-0

[Event "Prebor mesta Vsetina 2018"]
[Site "?"]
[Date "2018.07.05"]
[Round "2"]
[White "Jin, Yueheng"]
[Black "Mudrak, Josef"]
[Result "0-1"]
[WhiteElo "1713"]
[BlackElo "2264"]
[PlyCount "126"]
[EventDate "2018.??.??"]

1.d4 Nf6 2.c4 d6 3.Nc3 Nbd7 4.e4 e5 5.d5 Nc5 6.Qc2 a5 7.Nge2 Nh5 8.Be3 g6 9.f3
f5 10.g3 b6 11.Bg2 Bg7 12.Qd2 O-O 13.O-O Bd7 14.b3 f4 15.Bxc5 dxc5 16.g4 Nf6
17.a4 Ne8 18.h3 Nd6 19.Nc1 h5 20.Nb5 hxg4 21.hxg4 Bxb5 22.axb5 a4 23.Qc2 axb3
24.Nxb3 Rc8 25.Kf2 Qh4+ 26.Ke2 Kf7 27.Rh1 Qg5 28.Kd3 Rh8 29.Qf2 Qe7 30.Qb2 Bf6
31.Rxh8 Rxh8 32.Rh1 Bh4 33.Nd2 Kg7 34.Qa1 Bf2 35.Rxh8 Kxh8 36.Qh1+ Kg7 37.Nb3
Bd4 38.Qc1 Nf7 39.Qc2 Qh4 40.Qe2 Qd8 41.Qa2 Qh4 42.Qe2 Qg3 43.Qf1 Kf6 44.Qe2
Ke7 45.Nd2 Qh2 46.Nf1 Qh4 47.Kc2 Nd6 48.Kd3 Nb7 49.Qd2 Bf2 50.Qe2 Be1 51.Qc2
Bb4 52.Qe2 Kd6 53.Kc2 Qh8 54.Kb2 Qa8 55.Qd3 Qa4 56.Nh2 Na5 57.Bf1 Be1 58.Be2
Bf2 59.Nf1 Bd4+ 60.Kb1 Nb3 61.Nd2 Qa1+ 62.Kc2 Qb2+ 63.Kd1 Qc1# 0-1

[Event "Prebor mesta Vsetina 2018"]
[Site "?"]
[Date "2018.07.05"]
[Round "2"]
[White "Hurtak, Otto"]
[Black "Weinzettl, Ernst"]
[Result "0-1"]
[WhiteElo "1958"]
[BlackElo "2213"]
[PlyCount "98"]
[EventDate "2018.??.??"]

1.d4 Nf6 2.c4 g6 3.Nc3 Bg7 4.e4 d6 5.Nge2 O-O 6.Ng3 Nbd7 7.Be2 c5 8.d5 a6 9.
O-O h5 10.Be3 b5 11.cxb5 axb5 12.Bxb5 Qb6 13.f3 Ba6 14.a4 Bxb5 15.Nxb5 Rfc8
16.Qc2 Qa6 17.Ne2 Nb6 18.Ra3 Qb7 19.Rfa1 Nfd7 20.f4 Rcb8 21.Bd2 Rxa4 22.Rxa4
Nxa4 23.Qxa4 Qxb5 24.Qxb5 Rxb5 25.Ra8+ Kh7 26.Bc3 Bxc3 27.bxc3 Nf6 28.Ra1 Nxe4
29.Rc1 Rb2 30.Re1 Kg7 31.f5 g5 32.Nf4 Nxc3 33.Nxh5+ Kh6 34.g4 Rb1 35.Rxb1 Nxb1
36.f6 exf6 37.Nxf6 c4 38.Ne4 c3 39.Ng3 c2 40.Ne2 Nc3 41.Nc1 Nxd5 42.Kf2 Kg6
43.Ke2 Kf6 44.Kd2 Ke5 45.Ne2 Ke4 46.Ng3+ Ke5 47.Nf5 Nf4 48.h3 d5 49.Ng3 d4 0-1